000 00419nam a2200157Ia 4500
008 240729s9999 xx 000 0 und d
022 _a2320-4737
245 0 _aJournal of Orofacial Sciences
260 _aIndia
260 _bWolters Kluwer Medknow Publications
650 _a Dentistry
650 _aMedicine
856 _uhttps://doaj.org/toc/2e8024cddc944a3f8e1a3f710d5aef5c
942 _2ddc
942 _cDOAJEJ
999 _c71722
_d71722
945 _a1
_bMadushi Gamage
_c1
_dMadushi Gamage